000 00482nam a2200157 4500
001 144089
003 ES-MaACL
007 t|
008 070214s1945 ag r ||||1| spa d
100 1 _aSimonpietri, René H.
_9106585
245 1 0 _aEnfermedades de las aves domésticas /
_cRené H. Simonpietri.
250 _a1ª ed.
260 _aBuenos Aires :
_bEl Ateneo,
_c1945 (
_fF. y M. Mercatali)
300 _a332 p., 16 lám. :
_bil. ;
_c24 cm.
852 _aES-MaACL
_jE-1958
_bR.22821
999 _c144089
_d144089